000 00712cam a22002414a 4500
001 13127090
005 20171222082531.0
008 030318s2004 ohua b 001 0 eng
010 _a 2003103984
020 _a0324190972
040 _aDLC
_cDLC
_dDLC
041 _aeng
042 _apcc
080 _a658.8 GIL
082 0 0 _a658.8 GIL
_222
100 1 _a60
101 _aMAR
245 1 0 _aBasic marketing research /
_cGilbert A. Churchill, Tom J. Brown.
504 _aIncludes bibliographical references and index.
906 _a7
_bcbc
_corignew
_d3
_eepcn
_f20
_gy-gencatlg
942 _2ddc
_cBK
999 _c39355
_d39355